| 000 | 00632nam a22002297a 4500 | ||
|---|---|---|---|
| 005 | 20170124110004.0 | ||
| 010 | _aA-579785 | ||
| 020 | _c50.00 | ||
| 035 | _aA-579785 | ||
| 037 | _bCen Lib/Ret | ||
| 040 |
_aDPL _bEN |
||
| 082 |
_a330 _bDHI |
||
| 100 |
_aDhira, I.C. _916575 |
||
| 245 |
_aBusiness economics / _cby I.C. Dhingra |
||
| 260 |
_aNew Delhi _bSultan Chand & Sons _c1992 |
||
| 270 |
_a23, dariya ganj _bNew Delhi _e110002 |
||
| 300 |
_aix, 426p. _c21cm(Hb) |
||
| 500 | _aincludes appendix | ||
| 650 |
_aBusiness _98513 |
||
| 650 |
_aEconomic environment _916576 |
||
| 942 |
_2ddc _cEN _h330 _mDHI |
||
| 999 |
_c126103 _d126103 |
||